L'Ecclésiaste / (Record no. 163263)

MARC details
000 -LEADER
campo de control de longitud fija 00645nam a22001695i 4500
001 - NÚMERO DE CONTROL
campo de control 163263
003 - IDENTIFICADOR DE NÚMERO DE CONTROL
campo de control ES-MaACL
005 - FECHA Y HORA DE LA ÚLTIMA TRANSACCIÓN
campo de control 20250703063119.0
008 - DATOS DE LONGITUD FIJA--INFORMACIÓN GENERAL
campo de control de longitud fija 050713s1882 fr |||| | fre d
040 ## - FUENTE DE CATALOGACIÓN
Centro catalogador/agencia de origen CAM
Lengua de catalogación spa
Centro/agencia transcriptor CAM
100 1# - ENTRADA PRINCIPAL--NOMBRE DE PERSONA
Nombre de persona Renan, Ernest,
Fechas asociadas al nombre 1823-1892
9 (RLIN) 96168
245 12 - MENCIÓN DEL TÍTULO
Título L'Ecclésiaste /
Mención de responsabilidad, etc. traduit de l'hébreu, avec une étude sur l'age et le caractére du livre par Ernest Renan.
260 ## - PUBLICACIÓN, DISTRIBUCIÓN, ETC.
Lugar de publicación, distribución, etc. Paris :
Nombre del editor, distribuidor, etc. Calmann Lévy, Ancienne Maison Michel Lévy Frères,
Fecha de publicación, distribución, etc. 1882 (
Lugar de fabricación/manufactura Corbeil :
Fabricante Typ. et stér. Crété)
300 ## - DESCRIPCIÓN FÍSICA
Extensión 153 p ;
Dimensiones 22 cm.
852 ## - LOCALIZACIÓN
Ubicación ES-MaACL
Número de control de estantería F-9180
Nota libre -- Enc. pasta española
Holdings
Estatus retirado Estado de pérdida Estado de daño No para préstamo Colección Biblioteca de origen Biblioteca actual Ubicación en estantería Fecha de adquisición Fuente de adquisición Total de préstamos Signatura topográfica completa Código de barras Visto por última vez Precio de reemplazo Tipo de ítem Koha
        Libros del s. XIX Biblioteca del Ateneo de Madrid Biblioteca del Ateneo de Madrid Sala Pecera Planta 2 17/01/2008     F-9180 1171083 23/02/2023 23/02/2023 Libro impreso antiguo